000 00873nam a2200325Ia 4500
003 OSt
005 20220912150743.0
006 a|||||r|||| 00| 0
007 ta
008 220909b |||||||| |||| 00| 0 eng d
020 _a8185931216 (pbk)
024 _a8796
037 _bHindustan,
037 _cTextual
040 _aCSL
_beng
_cCSL
041 _aeng
082 _aB25,1, N3;N9
100 _aBapat R B
245 0 _aLinear algebra and linear models
250 _a2
260 _aNew Delhi
_b Hindustan Book Agency
_c1999
300 _axii,180p
490 _aTexts and readings in mathematics; 1
500 _aBibliographical references 173-176p; Index 177-180p
650 _a Algebra
650 _a Linear
650 _aMathematics
942 _hB25,1, N3;N9
_cTEXL
_2CC
999 _c54210
_d54210